Statistics for Migos Charting Songs (Billboard Hot Rap / R&B)

Click here to take the quiz!

General Stats

  • This quiz has been taken 11 times
    (10 since last reset)
  • The average score is 22 of 55

Answer Stats

AlbumWeeks OnPeakArtist(s)Song% Correct
C U L T U R E26 Weeks#1Migos ft. Lil Uzi VertBad and Boujee
100%
Culture II22 Weeks#3Migos, Nicki Minaj & Cardi BMotorSport
100%
Culture II22 Weeks#7Migos ft. DrakeWalk It Talk It
100%
Mr. Davis26 Weeks#5Gucci Mane ft. MigosI Get the Bag
88%
C U L T U R E24 Weeks#12Migos ft. Gucci ManeSlippery
88%
Culture II22 Weeks#5MigosStir Fry
88%
Culture III5 Weeks#5Migos ft. DrakeHaving Our Way
75%
Culture II17 Weeks#17MigosNarcos
75%
Perfect Ten26 Weeks#10Mustard & MigosPure Water
75%
No Label 220 Weeks#17MigosFight Night
63%
C U L T U R E3 Weeks#23Migos ft. Travi$ ScottKelly Price
63%
C U L T U R E25 Weeks#11MigosT-Shirt
63%
Invasion of Privacy11 Weeks#15Cardi B ft. MigosDrip
50%
Culture III19 Weeks#27Migos ft. YoungBoy Never Broke AgainNeed It
50%
Funk Wav Bounces Vol. 122 Weeks#12Calvin Harris ft. Frank Ocean & MigosSlide
50%
Culture III14 Weeks#9MigosStraightenin
50%
C U L T U R E1 Week#46MigosAll Ass
38%
Culture III2 Weeks#12MigosAvalanche
38%
C U L T U R E1 Week#36Migos ft. DJ KhaledCulture
38%
C U L T U R E1 Week#45Migos ft. 2 ChainzDeadz
38%
No Label 220 Weeks#20MigosHandsome and Wealthy
38%
Culture III2 Weeks#26MigosModern Day
38%
KIRK2 Weeks#27DaBaby ft. MigosRAW SHIT
38%
Culture II1 Week#41MigosAuto Pilot
25%
Culture II2 Weeks#24Migos ft. 21 SavageBBO (Bad Bitches Only)
25%
Papi Gordo1 Week#48Carnage ft. MigosBricks
25%
C U L T U R E1 Week#40MigosBrown Paper Bag
25%
Culture II1 Week#45Migos ft. Gucci ManeCC
25%
Bright: The Album3 Weeks#34Migos & MarshmelloDanger
25%
Culture II1 Week#43MigosEmoji a Chain
25%
Culture II1 Week#35MigosGang Gang
25%
C U L T U R E8 Weeks#29MigosGet Right Witcha
25%
Non-Album Single1 Week#19Migos, Young Thug & Travi$ Scottg n f (Give No Fxk)
25%
Wish Me Well 2: Unstoppable20 Weeks#27YFN Lucci ft. Migos & TroubleKey to the Streets
25%
Culture III1 Week#28Migos ft. Polo GMalibu
25%
Culture II5 Weeks#26Migos ft. Post MaloneNotice Me
25%
Yung Rich Nation9 Weeks#34MigosOne Time
25%
Teenage Emotions9 Weeks#33Lil Yachty ft. MigosPeek a Boo
25%
Culture III1 Week#47Migos & FuturePicasso
25%
Yung Rich Nation9 Weeks#38MigosPipe It Up
25%
I Decided2 Weeks#26Big Sean ft. MigosSacrifices
25%
Culture II2 Weeks#27MigosSupastars
25%
Control the Streets, Vol. 16 Weeks#37MigosToo Hotty
25%
Culture II1 Week#49MigosToo Much Jewelry
25%
Culture III1 Week#30Migos & Cardi BType Shit
25%
Culture III1 Week#48MigosVaccine
25%
Y.R.N. (Young Rich Niggas)16 Weeks#31MigosVersace
25%
Khaled Khaled1 Week#47DJ Khaled ft. H.E.R. & MigosWe Going Crazy
25%
C U L T U R E1 Week#41MigosWhat the Price
25%
Culture II1 Week#31Migos ft. Travi$ Scott, Ty Dolla $ign & Big SeanWhite Sand
25%
C U L T U R E1 Week#47MigosBig on Big
13%
C U L T U R E3 Weeks#25MigosCall Casting
13%
Ransom 21 Week#41Mike WiLL Made-It ft. 21 Savage, YG & MigosGucci On My
13%
Culture II1 Week#40MigosHigher We Go (Intro)
13%
Back to the Bando6 Weeks#28MigosLook At My Dab
13%

Score Distribution

Percentile by Number Answered

Percent of People with Each Score

Your Score History

You have not taken this quiz since the last reset